000 01004cam a2200289 i 4500
001 25844
003 Mx-PuUPA
005 20250623140143.0
008 140415s1997 mx # gr 000 0 spa d
020 _a9701012992
040 _aMx-PuUPA
_bspa
_cMx-PuUPA
_dMx-PuUPA
_erda
041 0 _aspa
100 1 _aRomero López, Álvaro Javier
_eautor
_95019
245 1 0 _aContabilidad intermedia /
_cJavier Romero López
250 _aPrimera edición
264 1 _aMéxico, D.F. :
_bMcGraw-Hill Interamericana Editores,
_c©1997
300 _a733 páginas :
_bdiagrams, tablas, cálculos ;
_c27 cm
336 _2rdacontent
_atexto
_btxt
337 _2rdamedia
_asin medio
_bn
338 _2rdacarrier
_avolumen
_bnc
650 7 _2armarc
_aContabilidad
_vManuales
650 7 _2armarc
_aContabilidad
_xEstudio y enseñanza
942 _2ddc
_cLI
_h657.044
_iR75
999 _c25844
_d25844